| 000 | 00724nam a2200265Ia 4500 | ||
|---|---|---|---|
| 003 | OSt | ||
| 005 | 20220927110402.0 | ||
| 006 | a|||||r|||| 00| 0 | ||
| 007 | ta | ||
| 008 | 220926b |||||||| |||| 00| 0 eng d | ||
| 024 | _a37407 | ||
| 037 | _cReports | ||
| 040 |
_aRTL _cRTL _beng |
||
| 041 |
_2eng _aeng |
||
| 082 | _a"X.212s, M3/GD" | ||
| 110 |
_a"Kerala, Economics And Statistics (D/O-)" _9377221 |
||
| 245 | 0 | _aStatistics for planning. | |
| 260 |
_aTrivendrum _bGovt Press India _c1983 |
||
| 300 |
_a381p _ccm. |
||
| 490 | _v1980 (285p) | ||
| 650 | _aKerala | ||
| 700 |
_a"Kerala, Economics And Statistics (D/O-)" _9377222 |
||
| 942 |
_h"X.212s, M3/GD" _cCC |
||
| 999 |
_c696135 _d696135 |
||